000 00877nam a2200217Ii 4500
003 JO-AjNU
008 230605s9999||||xx |||||||||||||| ||und||
017 _a2007/6824
020 _a978-99901-06-73-2
040 _aJO-AjNU
_bara
_erda
_cJO-AjNU
041 _aara
050 1 4 _aK3240.4.2007
100 3 _aتأليف آل خليفة، مريم بنت حسن ؛ م. مشارك عبد الكريم علوان,
_eauthor
_953175
245 0 0 _aملتقى البحرين في حقوق الإنسان وحرياته الأساسية
264 3 1 _aالبحرين : جامعة البحرين ، 2007
300 _a541ص
336 _atext
_btxt
_2rdacontent
337 _aunmediated
_bn
_2rdamedia
338 _avolume
_bnc
_2rdacarrier
650 4 _aحقوق الإنسان -- قوانين وتشريعات -- البحرين -- حقوق الإنسان (قانون دولي)
_953176
999 _aA23600
_c27168
_d27168